000 00348nam a2200145Ia 4500
008 231217s9999 xx 000 0 und d
041 _aEnglish
082 _a001.6424JAV JEP;1
100 _aJepson, Brian
245 0 _aJava database programming
260 _c1997
_bNew York : John Wiley,
300 _ax+485
650 _aJava
942 _cAA
999 _c165659
_d165659